Statistics for Film stars: one world clue

Click here to take the quiz!

General Stats

  • This quiz has been taken 40 times
  • The average score is 9 of 15

Answer Stats

HintAnswer% Correct
PiratesJohnny Depp
97%
SoloHarrison Ford
84%
CuckooJack Nicholson
84%
KramerMeryl Streep
81%
StarlingJodie Foster
73%
MilkSean Penn
70%
MissionTom Cruise
70%
TotoJudy Garland
68%
MagnumClint Eastwood
57%
ContenderMarlon Brando
57%
BoxBrad Pitt
51%
RobinsonAnne Bancroft
35%
MohicanRobert De Niro
27%
ShowerJanet Leigh
8%
AmishKelly McGillis
3%

Score Distribution

Percentile by Number Answered

Percent of People with Each Score

Your Score History

You have not taken this quiz